<?xml version="1.0" encoding="UTF-8"?>
<record
    xmlns:xsi="http://www.w3.org/2001/XMLSchema-instance"
    xsi:schemaLocation="http://www.loc.gov/MARC21/slim http://www.loc.gov/standards/marcxml/schema/MARC21slim.xsd"
    xmlns="http://www.loc.gov/MARC21/slim">

  <leader>02035nab a2200277 ab4500</leader>
  <controlfield tag="005">20260522134607.0</controlfield>
  <controlfield tag="008">251016c2024    mx ar p#o#   #00|   eng d</controlfield>
  <controlfield tag="003"></controlfield>
  <datafield tag="040" ind1=" " ind2=" ">
    <subfield code="a">MX-MxUPN</subfield>
    <subfield code="b">spa</subfield>
    <subfield code="c">MX-MxUPN</subfield>
    <subfield code="e">aacr2</subfield>
  </datafield>
  <datafield tag="041" ind1="0" ind2=" ">
    <subfield code="a">eng</subfield>
  </datafield>
  <datafield tag="100" ind1="1" ind2=" ">
    <subfield code="a">Hirsch Adler, Ana</subfield>
    <subfield code="9">28903</subfield>
  </datafield>
  <datafield tag="100" ind1="1" ind2=" ">
    <subfield code="a">Izarra Vielma, Douglas A.</subfield>
    <subfield code="9">47614</subfield>
  </datafield>
  <datafield tag="245" ind1="1" ind2="0">
    <subfield code="a">Supervisi&#xF3;n de la integridad cient&#xED;fica por acad&#xE9;micos de posgrado</subfield>
    <subfield code="h">[recurso electr&#xF3;nico en l&#xED;nea]</subfield>
  </datafield>
  <datafield tag="506" ind1="0" ind2=" ">
    <subfield code="a">Acceso abierto</subfield>
  </datafield>
  <datafield tag="520" ind1="3" ind2=" ">
    <subfield code="a">El prop&#xF3;sito del art&#xED;culo es desarrollar una mejor comprensi&#xF3;n de las acciones que implementan acad&#xE9;micos de posgrado de una universidad mexicana para supervisar la integridad en su trabajo de investigaci&#xF3;n. Se realiz&#xF3; una indagaci&#xF3;n cualitativa con 291 profesores e investigadores de dicho nivel que contestaron la pregunta: En su trabajo acad&#xE9;mico &#xBF;c&#xF3;mo se supervisa la integridad en la investigaci&#xF3;n? El an&#xE1;lisis se desarroll&#xF3; con base en los procedimientos de la Teor&#xED;a Fundamentada. Los resultados se organizaron en dos categor&#xED;as: &#x201C;Supervisi&#xF3;n de la integridad cient&#xED;fica con base en el trabajo colectivo&#x201D;, que involucra la participaci&#xF3;n de diversos actores, y &#x201C;Vigilancia epistemol&#xF3;gica en la supervisi&#xF3;n de la integridad cient&#xED;fica&#x201D; asociada con una actitud de cautela a lo largo del desarrollo de los proyectos. La conclusi&#xF3;n destaca la relevancia que dan los profesores e investigadores de dicho nivel a los aspectos b&#xE1;sicos de la &#xE9;tica en la generaci&#xF3;n del conocimiento y en los procesos formativos. </subfield>
    <subfield code="c">REDIE</subfield>
  </datafield>
  <datafield tag="650" ind1=" " ind2="2">
    <subfield code="a">Investigadores</subfield>
    <subfield code="9">23420</subfield>
  </datafield>
  <datafield tag="650" ind1=" " ind2="4">
    <subfield code="a">Investigaci&#xF3;n cient&#xED;fica</subfield>
    <subfield code="9">6034</subfield>
  </datafield>
  <datafield tag="650" ind1=" " ind2="2">
    <subfield code="a">&#xC9;tica profesional</subfield>
    <subfield code="9">6936</subfield>
  </datafield>
  <datafield tag="653" ind1=" " ind2=" ">
    <subfield code="a">&#xC9;tica de la ciencia</subfield>
  </datafield>
  <datafield tag="650" ind1=" " ind2="4">
    <subfield code="a">Maestros universitarios</subfield>
    <subfield code="9">894</subfield>
  </datafield>
  <datafield tag="773" ind1=" " ind2=" ">
    <subfield code="g">Vol. 26 (2024), p. 1-17</subfield>
    <subfield code="t">REDIE : revista electr&#xF3;nica de investigaci&#xF3;n educativa</subfield>
    <subfield code="x">1607-4041</subfield>
  </datafield>
  <datafield tag="856" ind1="4" ind2=" ">
    <subfield code="u">https://redie.uabc.mx/redie/article/view/5937</subfield>
  </datafield>
  <datafield tag="856" ind1="4" ind2=" ">
    <subfield code="u">https://redie.uabc.mx/redie/article/view/5937/2554</subfield>
  </datafield>
  <datafield tag="902" ind1=" " ind2=" ">
    <subfield code="a">Leonor Sotres/220526</subfield>
  </datafield>
  <datafield tag="942" ind1=" " ind2=" ">
    <subfield code="c">ART-E</subfield>
  </datafield>
  <datafield tag="952" ind1=" " ind2=" ">
    <subfield code="0">0</subfield>
    <subfield code="1">0</subfield>
    <subfield code="4">0</subfield>
    <subfield code="7">0</subfield>
    <subfield code="8">CAA</subfield>
    <subfield code="a">BCUPN50</subfield>
    <subfield code="b">BCUPN50</subfield>
    <subfield code="c">ENL</subfield>
    <subfield code="d">2026-05-22</subfield>
    <subfield code="l">0</subfield>
    <subfield code="r">2026-05-22 13:46:37</subfield>
    <subfield code="u">https://redie.uabc.mx/redie/article/view/5937/2554</subfield>
    <subfield code="w">2026-05-22</subfield>
    <subfield code="y">ART-E</subfield>
  </datafield>
  <datafield tag="999" ind1=" " ind2=" ">
    <subfield code="c">215174</subfield>
    <subfield code="d">215174</subfield>
  </datafield>
</record>
